[Event "Niedersachsen-ch op-C"]
[Site "Verden"]
[Date "2017.01.08"]
[Round "7"]
[White "Kieselbach, Petra"]
[Black "Santos, Leonardo de Souza"]
[Result "1/2-1/2"]
[WhiteElo "1602"]
[BlackElo "1633"]
[PlyCount "25"]
[EventDate "2017.01.05"]
[EventType "swiss"]
[EventRounds "7"]
[EventCountry "GER"]
[SourceTitle "CBM 187 Extra"]
[Source "ChessBase"]
[SourceDate "2018.11.04"]
[SourceVersion "1"]
[SourceVersionDate "2018.11.04"]
[SourceQuality "1"]

1. d4 Nf6 2. Nf3 g6 3. Bf4 Bg7 4. Nbd2 d5 5. h3 0-0 6. e3 c5 7. c4 dxc4 8. Nxc4 Nc6 9. dxc5 Ne4 10. Nfe5 Nxe5 11. Qxd8 Rxd8 12. Nxe5 Nxc5 13. Rc1 1/2-1/2

[Event "Niedersachsen-ch op-C"]
[Site "Verden"]
[Date "2017.01.07"]
[Round "5"]
[White "Kieselbach, Petra"]
[Black "Poschadel, Andreas Gregor"]
[Result "1/2-1/2"]
[WhiteElo "1602"]
[BlackElo "1442"]
[PlyCount "59"]
[EventDate "2017.01.05"]
[EventType "swiss"]
[EventRounds "7"]
[EventCountry "GER"]
[SourceTitle "CBM 187 Extra"]
[Source "ChessBase"]
[SourceDate "2018.11.04"]
[SourceVersion "1"]
[SourceVersionDate "2018.11.04"]
[SourceQuality "1"]

1. d4 d5 2. Bf4 Nf6 3. e3 c6 4. Bd3 Bg4 5. Nf3 Nbd7 6. Nbd2 Qb6 7. b3 e6 8. c4 c5 9. Qc2 Be7 10. 0-0 0-0 11. Ne5 Rfd8 12. Nxg4 Nxg4 13. Bxh7+ Kh8 14. dxc5 Nxc5 15. Bd3 Nxd3 16. Qxd3 dxc4 17. Qe2 cxb3 18. Nxb3 Nf6 19. Rac1 Nd5 20. Be5 Rac8 21. Bd4 Qb4 22. Nd2 b6 23. Rc4 Rxc4 24. Nxc4 Nc3 25. Qh5+ Kg8 26. Ne5 Rf8 27. Nd7 Rd8 28. Ne5 Rf8 29. Nd7 Rd8 30. Ne5 1/2-1/2

[Event "Niedersachsen-ch op-B"]
[Site "Verden"]
[Date "2016.01.04"]
[Round "3"]
[White "Kieselbach, Petra"]
[Black "Zotin, Alexander"]
[Result "0-1"]
[WhiteElo "1567"]
[BlackElo "1571"]
[PlyCount "99"]
[EventDate "2016.01.03"]
[EventType "swiss"]
[EventRounds "7"]
[EventCountry "GER"]
[SourceTitle "EXT 2018"]
[Source "ChessBase"]
[SourceDate "2017.10.13"]
[SourceVersion "1"]
[SourceVersionDate "2017.10.13"]
[SourceQuality "1"]

1. d4 b6 2. c4 Bb7 3. d5 e6 4. dxe6 dxe6 5. Qxd8+ Kxd8 6. Nc3 Bb4 7. Bd2 Nf6 8. a3 Bc5 9. 0-0-0 Ke7 10. Nb5 Nbd7 11. f3 c6 12. Nc3 Ba6 13. e4 Ne5 14. Bg5 h6 15. Bf4 Ng6 16. Nh3 Nxf4 17. Nxf4 Be3+ 18. Kc2 Bxf4 19. g3 Bc7 20. f4 Rhd8 21. Be2 Rxd1 22. Rxd1 Rd8 23. e5 Ne8 24. Bd3 Bb7 25. b4 a6 26. Re1 b5 27. c5 a5 28. Be4 Ba8 29. Rd1 Rb8 30. Kb3 a4+ 31. Kc2 Bd8 32. Rd2 Nc7 33. f5 Nd5 34. Bxd5 exd5 35. Re2 Bb7 36. Re3 Bc8 37. g4 d4 38. f6+ gxf6 39. exf6+ Kxf6 40. Ne4+ Kg7 41. Rd3 Bf6 42. Rf3 Bg5 43. Kd3 Be3 44. Nd6 Be6 45. Kc2 Kg6 46. Kd3 Rd8 47. Kc2 Bg1 48. Rh3 Be3 49. Rf3 Rd7 50. Kd3 0-1

[Event "Niedersachsen-ch op-B"]
[Site "Verden"]
[Date "2016.01.03"]
[Round "2"]
[White "Pahl, Theis"]
[Black "Kieselbach, Petra"]
[Result "0-1"]
[WhiteElo "1569"]
[BlackElo "1567"]
[PlyCount "138"]
[EventDate "2016.01.03"]
[EventType "swiss"]
[EventRounds "7"]
[EventCountry "GER"]
[SourceTitle "EXT 2018"]
[Source "ChessBase"]
[SourceDate "2017.10.13"]
[SourceVersion "1"]
[SourceVersionDate "2017.10.13"]
[SourceQuality "1"]

1. e4 c5 2. Nf3 Nc6 3. d4 cxd4 4. Nxd4 Nf6 5. Nc3 g6 6. Be3 e6 7. Be2 Bb4 8. Ndb5 Nxe4 9. 0-0 Bxc3 10. Nxc3 Nxc3 11. bxc3 0-0 12. Qd2 d5 13. f4 e5 14. fxe5 Nxe5 15. Bd4 f6 16. Rf2 Bf5 17. h3 Nc6 18. Raf1 Nxd4 19. cxd4 Rc8 20. Bd3 Bxd3 21. Qxd3 Qd6 22. Qb3 Rc7 23. Kh1 Kg7 24. Kg1 a6 25. Rf3 Qc6 26. R1f2 Qc4 27. Qb2 Re7 28. Kh2 Qc7+ 29. g3 Qc4 30. Kg2 b5 31. c3 Qc8 32. Qb3 Qc4 33. Qb2 a5 34. Qa3 Qc7 35. Qb3 Qb7 36. Qa3 a4 37. Qd6 Ref7 38. g4 Qd7 39. Qxd7 Rxd7 40. Re2 f5 41. g5 Rff7 42. Rb2 Rb7 43. Re3 Rfc7 44. a3 h6 45. h4 hxg5 46. hxg5 Kf7 47. Kf3 Re7 48. Rxe7+ Kxe7 49. Ke3 Kd6 50. Kd3 f4 51. Rf2 Rf7 52. Re2 Rf5 53. Rg2 f3 54. Rf2 Rxg5 55. Rxf3 Rf5 56. Rg3 g5 57. Kd2 Ke6 58. Ke3 Kf6 59. Rg1 Rf4 60. Rh1 Re4+ 61. Kf2 Kf5 62. Rg1 Rf4+ 63. Ke2 g4 64. Rg3 Re4+ 65. Kf2 Kf4 66. Rd3 Re7 67. Rg3 Rh7 68. Kg2 Rh5 69. Rd3 Rh3 0-1

[Event "Hannover-chA"]
[Site "Lehrte"]
[Date "2015.10.30"]
[Round "3"]
[White "Bulmahn, Aaron Aime"]
[Black "Kieselbach, Petra"]
[Result "1/2-1/2"]
[WhiteElo "1414"]
[BlackElo "1545"]
[PlyCount "69"]
[EventDate "2015.10.29"]
[EventType "swiss"]
[EventRounds "7"]
[EventCountry "GER"]
[SourceTitle "EXT 2021"]
[Source "ChessBase"]
[SourceDate "2020.10.23"]
[SourceVersion "1"]
[SourceVersionDate "2020.10.23"]
[SourceQuality "1"]

1. e4 e5 2. Nf3 Nc6 3. Bb5 a6 4. Ba4 Nf6 5. d3 b5 6. Bb3 Na5 7. Nxe5 Nxb3 8. axb3 Qe7 9. Nf3 d5 10. Bg5 dxe4 11. Bxf6 Qxf6 12. Qe2 Bb7 13. c3 Qe7 14. dxe4 Qxe4 15. Qxe4+ Bxe4 16. Nbd2 Bd3 17. Ne5 Bf5 18. 0-0 Bd6 19. Rfe1 0-0 20. Ndf3 Rfd8 21. Nc6 Rd7 22. Nfd4 Bd3 23. Re3 Bg6 24. Nxb5 Bc5 25. Re5 Bb6 26. Nbd4 Bxd4 27. Nxd4 f6 28. Re6 c5 29. Nc6 Bf7 30. Re2 Bxb3 31. Na5 Rad8 32. f4 Rd1+ 33. Rxd1 Rxd1+ 34. Kf2 Ba4 35. Ke3 1/2-1/2

[Event "Hannover-chB"]
[Site "Lehrte"]
[Date "2014.10.26"]
[Round "4"]
[White "Rossberg, Jonathan"]
[Black "Kieselbach, Petra"]
[Result "1-0"]
[WhiteElo "1723"]
[BlackElo "1544"]
[PlyCount "59"]
[EventDate "2014.10.25"]
[EventType "tourn"]
[EventRounds "7"]
[EventCountry "GER"]
[SourceTitle "EXT 2021"]
[Source "ChessBase"]
[SourceDate "2020.10.23"]
[SourceVersion "1"]
[SourceVersionDate "2020.10.23"]
[SourceQuality "1"]

1. d4 d5 2. c4 e6 3. Nc3 Nf6 4. Bg5 Nbd7 5. Nf3 Be7 6. e3 0-0 7. Bd3 b6 8. cxd5 Nxd5 9. Bxe7 Nxe7 10. Be4 Rb8 11. Nd2 c5 12. Nb3 cxd4 13. Nxd4 Nc5 14. Bf3 Ba6 15. Be2 Bxe2 16. Qxe2 e5 17. Nf3 e4 18. Ng5 Nd3+ 19. Kf1 f5 20. Ne6 Qe8 21. Nxf8 Qxf8 22. g3 Qf6 23. Qc2 g5 24. h4 h6 25. Qb3+ Kg7 26. hxg5 Qxg5 27. Ne2 Qg4 28. Qe6 Qg5 29. Nf4 Nc5 30. Qe5+ 1-0